000 00772cam a2200277 4500
001 36506
010 _a9727102557
021 _aPT
_b146507/00
090 _a36506
100 _a20000728d2000 d y0pory5003 ba
101 0 _apor
102 _aPT
200 1 _aSeis contos de Eça de Queirós
_frecontados Luísa Ducla Soares
_gil. Nuno Fonseca
205 _a2.ªed
210 9 _aLisboa
_cTerramar,
_d2002
215 _a79, [3] p.
_cil.
_d19 cm
225 2 _aContar-recontar
_v6
606 _9185
_aLiteratura infantil
675 _a087.5
_vBN
_zpor
675 _a821.134.3-93"19/20"
_vBN
_zpor
675 _a821.134.3-34"19/20"
_vBN
_zpor
700 _aSoares
_bLuísa Ducla
_f1939-
_92431
702 _aFonseca,
_bNuno
_4440
_96860
801 _aPT
_gRPC
990 _cLIVROS
994 _aCOMP